000 00294nam a22001217a 4500
008 180521b xxu||||| |||| 00| 0 eng d
041 _aeng
080 _a043.3
100 _a0
101 _aMBE-BA
245 _aAdoptimi i Euro-s ne Kosove: Perparesite dhe te metat
_cSuka, V
942 _2udc
_cBK
999 _c46124
_d46124